000 00624nam a2200265Ia 4500
005 20260121165052.0
008 008 260114s9999 xx 000 0 eng d
020 _a9781137556233
037 _aEBOOK
040 _aCRL
040 _beng
040 _cCRL
041 _2eng
041 _aeng
084 _qCRL
100 _aRoy Huijsmans
_91047132
245 0 _aGenerationing Development
260 _bSpringer
260 _bSpringer
260 _c2016
856 _uhttps://link.springer.com/openurl?genre=book&isbn=978-1-137-55623-3
942 _cEBOOK
999 _c1612857
_d1612857